Name a Pokémon of Every Type Combo - Gen I - Statistics

General Stats
  • This quiz has been taken 53 times
    40 since last reset
  • The average score is 50 of 62
Answer Stats
Type Combo # of Pokémon Answer % Correct
Single-type Pokémon Bug 3 Caterpie | Metapod | Pinsir
100%
Single-type Pokémon Fire 10 Charmander | Charmeleon | Vulpix | Ninetales | Growlithe | Arcanine | Ponyta | Rapidash | Magmar | Flareon
95%
Single-type Pokémon Dragon 2 Dratini | Dragonair
95%
Single-type Pokémon Electric 6 Pikachu | Raichu | Voltorb | Electrode | Electabuzz | Jolteon
95%
Single-type Pokémon Fairy 2 Clefairy | Clefable
91%
Single-type Pokémon Poison 10 Ekans | Arbok | Nidoran♀ | Nidorina | Nidoran♂ | Nidorino | Grimer | Muk | Koffing | Weezing
91%
Single-type Pokémon Fighting 9 Mankey | Primeape | Machop | Machoke | Machamp | Farfetch'd (Galarian Form) | Hitmonlee | Hitmonchan | Tauros (Combat Breed)
91%
Single-type Pokémon Normal 12 Rattata | Raticate | Meowth | Persian | Lickitung | Chansey | Kangaskhan | Tauros | Ditto | Eevee | Porygon | Snorlax
91%
Single-type Pokémon Ground 6 Sandshrew | Sandslash | Diglett | Dugtrio | Cubone | Marowak
91%
Single-type Pokémon Water 18 Squirtle | Wartortle | Blastoise | Psyduck | Golduck | Poliwag | Poliwhirl | Seel | Shellder | Krabby | Kingler | Horsea | Seadra | Goldeen | Seaking | Staryu | Magikarp | Vaporeon
91%
Single-type Pokémon Psychic 9 Abra | Kadabra | Alakazam | Ponyta (Galarian Form) | Slowpoke (Galarian Form) | Drowzee | Hypno | Mewtwo | Mew
86%
Dual-type Pokémon Bug/Flying 3 Butterfree | Scyther | Mega Pinsir
86%
Dual-type Pokémon Fire/Flying 2 Charizard | Moltres
86%
Dual-type Pokémon Water/Ice 3 Dewgong | Cloyster | Lapras
86%
Dual-type Pokémon Ghost/Poison 3 Gastly | Haunter | Gengar
86%
Dual-type Pokémon Rock/Ground 4 Geodude | Graveler | Golem | Onix
86%
Dual-type Pokémon Normal/Fairy 2 Jigglypuff | Wigglytuff
86%
Dual-type Pokémon Electric/Steel 2 Magnemite | Magneton
86%
Single-type Pokémon Dark 2 Meowth (Alolan Form) | Persian (Alolan Form)
86%
Dual-type Pokémon Ice/Psychic 2 Mr. Mime (Galarian Form) | Jynx
86%
Dual-type Pokémon Normal/Flying 8 Pidgey | Pidgeotto | Pidgeot | Spearow | Fearow | Farfetch'd | Doduo | Dodrio
86%
Single-type Pokémon Grass 1 Tangela
86%
Single-type Pokémon Ice 1 Vulpix (Alolan Form)
86%
Dual-type Pokémon Electric/Flying 1 Zapdos
86%
Dual-type Pokémon Rock/Flying 1 Aerodactyl
82%
Dual-type Pokémon Ice/Flying 1 Articuno
82%
Dual-type Pokémon Grass/Poison 9 Bulbasaur | Ivysaur | Venusaur | Oddish | Gloom | Vileplume | Bellsprout | Weepinbell | Victreebel
82%
Dual-type Pokémon Dragon/Flying 1 Dragonite
82%
Dual-type Pokémon Grass/Psychic 2 Exeggcute | Exeggutor
82%
Dual-type Pokémon Fire/Dragon 1 Mega Charizard X
82%
Dual-type Pokémon Rock/Water 4 Omanyte | Omastar | Kabuto | Kabutops
82%
Dual-type Pokémon Bug/Grass 2 Paras | Parasect
82%
Dual-type Pokémon Water/Fighting 1 Poliwrath
82%
Dual-type Pokémon Ground/Rock 2 Rhyhorn | Rhydon
82%
Dual-type Pokémon Water/Poison 2 Tentacool | Tentacruel
82%
Dual-type Pokémon Bug/Poison 5 Weedle | Kakuna | Beedrill | Venonat | Venomoth
82%
Dual-type Pokémon Poison/Flying 2 Zubat | Golbat
82%
Dual-type Pokémon Grass/Dragon 1 Exeggutor (Alolan Form)
77%
Dual-type Pokémon Rock/Electric 3 Geodude (Alolan Form) | Graveler (Alolan Form) | Golem (Alolan Form)
77%
Dual-type Pokémon Poison/Ground 2 Nidoqueen | Nidoking
77%
Dual-type Pokémon Psychic/Fairy 2 Rapidash (Galarian Form) | Mr. Mime
77%
Dual-type Pokémon Dark/Normal 2 Rattata (Alolan Form) | Raticate (Alolan Form)
77%
Dual-type Pokémon Ice/Steel 2 Sandshrew (Alolan Form) | Sandslash (Alolan Form)
77%
Dual-type Pokémon Water/Psychic 3 Slowpoke | Slowbro | Starmie
77%
Dual-type Pokémon Electric/Grass 2 Voltorb (Hisuian Form) | Electrode (Hisuian Form)
77%
Dual-type Pokémon Ground/Steel 2 Diglett (Alolan Form) | Dugtrio (Alolan Form)
73%
Dual-type Pokémon Poison/Dark 2 Grimer (Alolan Form) | Muk (Alolan Form)
73%
Dual-type Pokémon Fire/Rock 2 Growlithe (Hisuian Form) | Arcanine (Hisuian Form)
73%
Dual-type Pokémon Water/Flying 1 Gyarados
73%
Dual-type Pokémon Dark/Flying 1 Moltres (Galarian Form)
73%
Dual-type Pokémon Ice/Fairy 1 Ninetales (Alolan Form)
73%
Dual-type Pokémon Electric/Psychic 1 Raichu (Alolan Form)
73%
Dual-type Pokémon Psychic/Flying 1 Articuno (Galarian Form)
68%
Dual-type Pokémon Fire/Ghost 1 Marowak (Alolan Form)
68%
Dual-type Pokémon Water/Dark 1 Mega Gyarados
68%
Single-type Pokémon Steel 1 Meowth (Galarian Form)
68%
Dual-type Pokémon Psychic/Fighting 1 Mega Mewtwo X
64%
Dual-type Pokémon Poison/Psychic 1 Slowbro (Galarian Form)
64%
Dual-type Pokémon Poison/Fairy 1 Weezing (Galarian Form)
64%
Dual-type Pokémon Fighting/Flying 1 Zapdos (Galarian Form)
64%
Dual-type Pokémon Fighting/Water 1 Tauros (Aqua Breed)
55%
Dual-type Pokémon Fighting/Fire 1 Tauros (Blaze Breed)
55%
No matching quizzes found
Score Distribution
Percent of People with Each Score
Percentile by Number Answered
Your Score History
You have not taken this quiz since the last reset